000 01181nam a2200265Ia 4500
003 OSt
005 20220930095043.0
006 a|||||r|||| 00| 0
007 ta
008 220926b |||||||| |||| 00| 0 hin d
024 _a68508
037 _cTheses
040 _aCRL
_cCRL
_bhin
041 _2hin
_ahin
100 _aनिषाद, जानकी, ले.
110 _aदिल्ली विश्वविद्यालय. कला संकाय. हिन्दी विभाग
245 0 _aहिन्दी कथा आलोचना का विकास और सुरेन्द्र चौधरी का आलोचना कर्म, जानकी निषाद
246 _aHindī kathā ālochanā kā vikās aur surendra chaudharī kā ālochanā karma, jānakī niṣhāda
260 _c2018
300 _a299पृ0
_ap.
_ccm.
650 _aहिन्दी साहित्य
700 _aदिल्ली विश्वविद्यालय. कला संकाय. हिन्दी विभाग
942 _cDIS
_2CC
999 _c888237
_d888237